A guide to the CB Hiller parker rent and yield monitor : rent index and average yields (Record no. 100914)
[ view plain ]
| 000 -LEADER | |
|---|---|
| fixed length control field | 00893cam a2200229 4500 |
| 001 - CONTROL NUMBER | |
| control field | J109245 |
| 008 - FIXED-LENGTH DATA ELEMENTS--GENERAL INFORMATION | |
| fixed length control field | 000000n2000 000 0 eng u |
| 035 ## - SYSTEM CONTROL NUMBER | |
| System control number | (Sirsi) u109245 |
| 050 ## - LIBRARY OF CONGRESS CALL NUMBER | |
| Classification number | 333.337 |
| 110 ## - MAIN ENTRY--CORPORATE NAME | |
| Corporate name or jurisdiction name as entry element | CB Hillier Parker |
| 9 (RLIN) | 3660 |
| 245 #2 - TITLE STATEMENT | |
| Title | A guide to the CB Hiller parker rent and yield monitor : rent index and average yields |
| 260 ## - PUBLICATION, DISTRIBUTION, ETC. | |
| Place of publication, distribution, etc. | London |
| Name of publisher, distributor, etc. | CB Hiller Parker |
| Date of publication, distribution, etc. | 2000 |
| 300 ## - PHYSICAL DESCRIPTION | |
| Extent | 4p. ; 30cm. |
| 520 ## - SUMMARY, ETC. | |
| Summary, etc. | CB Hiller Parker are no longer producing separate indices for Rents and yields instead a combined report 'Rent and Yield Monitor'. This is a guide to how the new figures are calculated, including definitions of terms and index construction methodology. |
| 650 ## - SUBJECT ADDED ENTRY--TOPICAL TERM | |
| Topical term or geographic name entry element | HILLIER PARKER AVERAGE YIELD INDEX |
| 650 ## - SUBJECT ADDED ENTRY--TOPICAL TERM | |
| Topical term or geographic name entry element | HILLIER PARKER RENT INDEX |
| 650 ## - SUBJECT ADDED ENTRY--TOPICAL TERM | |
| Topical term or geographic name entry element | INDICES |
| 650 ## - SUBJECT ADDED ENTRY--TOPICAL TERM | |
| Topical term or geographic name entry element | USERS GUIDE |
| 650 ## - SUBJECT ADDED ENTRY--TOPICAL TERM | |
| Topical term or geographic name entry element | DEFINITIONS |
| 650 ## - SUBJECT ADDED ENTRY--TOPICAL TERM | |
| Topical term or geographic name entry element | CALCULATIONS |
| 942 ## - ADDED ENTRY ELEMENTS (KOHA) | |
| Suppress in OPAC | 0 |
| Withdrawn status | Lost status | Source of classification or shelving scheme | Damaged status | Not for loan | Home library | Current library | Shelving location | Date acquired | Total Checkouts | Full call number | Barcode | Date last seen | Copy number | Price effective from | Koha item type |
|---|---|---|---|---|---|---|---|---|---|---|---|---|---|---|---|
| Dewey Decimal Classification | London | London | Property market reports | 08/11/2000 | PROPERTY MARKET REPORTS | 30062385 | 06/08/2019 | 1 | 06/08/2019 | Reference material | |||||
| Dewey Decimal Classification | London | London | Property market reports | 08/11/2000 | PROPERTY MARKET REPORTS | 30062386 | 06/08/2019 | 2 | 06/08/2019 | Book | |||||
| Dewey Decimal Classification | London | London | Property market reports | 08/11/2000 | PROPERTY MARKET REPORTS | 30062387 | 06/08/2019 | 3 | 06/08/2019 | Book |